| 000 | 00873cam a2200301 i 4500 | ||
|---|---|---|---|
| 001 | 20370 | ||
| 003 | CO-MdFUSB | ||
| 005 | 20161201150842.0 | ||
| 008 | 161201t2011 xxu||||g |||| 00| 0 eng d | ||
| 020 | _a978-0-8010-3183-0 | ||
| 040 |
_aCO-MdFUSB _bspa _cCO-MdFUSB _dCO-MdFUSB _erda |
||
| 041 | _aeng | ||
| 082 |
_224 _a222.12 _bH217e |
||
| 100 | 1 |
_aHamilton, Victor P. _eautor |
|
| 245 | 1 | 0 |
_aExodus _b: An exegetical commentary _c/ Victor P. Hamilton |
| 264 | 1 |
_aGrand Rapids, Michigan : _bBaker Academic, _c℗2011 |
|
| 264 | 4 | _c©2011 | |
| 300 |
_axxix, 721 páginas _b: _c; |
||
| 336 |
_2rdacontent _a1 _ba1 |
||
| 337 |
_2rdamedia _a2 _b5 |
||
| 338 |
_2rdacarrier _a2 _b5 |
||
| 501 | _aPasta dura | ||
| 504 | _aIncluye índices (p. 667-721) | ||
| 505 | 0 | 0 | _aComentario sobre Éxodo |
| 653 | _aBible. O.T.--Exodus | ||
| 942 | _cREF | ||
| 999 |
_c46721 _d46721 |
||